| 000 | 00527nam a2200181Ia 4500 | ||
|---|---|---|---|
| 008 | 151202s9999||||xx |||||||||||||| ||und|| | ||
| 082 | _bPNVM-80039 | ||
| 100 | _aभागवत यशवंत. | ||
| 245 | _aकलाटणी. | ||
| 260 | _bमनोरमा प्रकाशन पुणे. | ||
| 260 | _c2011 | ||
| 300 | _a244 | ||
| 600 | _aभागवत यशवंत. | ||
| 630 | _aकलाटणी. | ||
| 700 | _aभागवत यशवंत. | ||
| 730 | _aकलाटणी. | ||
| 942 | _cBOOK | ||
| 999 |
_c1344648 _d1344645 |
||